000 00995nam a22003017a 4500
001 BR7703398
003 BR-BrBNA
005 20230928085322.0
007 ta
008 230509b bl.||||| |||| 00| 0 por d
040 _aBR-BrBNA
_bpor
_cBiblioteca Nacional de Agricultura
041 _a(Por)
072 _aE10
_b0230
_b/G514
090 _ 0230 BR7703398
100 1 _aVelloso, J.P. dos R.
110 1 _aSecretaria de Planejamento da Presidencia da Republica, Brasilia, DF (Brasil)
_99009
111 1 _a16. Congresso da Sociedade Internacional da Tecnologia do Acucar e Alcool
_cSao Paulo, SP (Brazil)
_d15 Sep 1977
245 1 _aAgro industria da cana [Saccharum spp.; Politica economica; Brasil]
260 3 _aBrasilia, DF (Brasil):
_c1977.
300 _a4 p.
650 _aMacroeconomia
650 _aCana de acucar
650 _aDesenvolvimento economico
650 _aIndustrializacao
650 _aPolitica economica
909 _a202309
_bLucia
_c55
_dLucia Elande
942 _cBK
999 _c23824
_d23824